[Event "NRW-ch U16/18 Girls"]
[Site "Kranenburg"]
[Date "2005.04.01"]
[Round "6"]
[White "Broeker, Simone"]
[Black "Drewes, Carina"]
[Result "1/2-1/2"]
[WhiteElo "1456"]
[BlackElo "1341"]
[PlyCount "47"]
[EventDate "2005.03.28"]
[EventType "swiss"]
[EventRounds "7"]
[EventCountry "GER"]
[SourceTitle "CBM 105 Extra"]
[Source "ChessBase"]
[SourceDate "2005.05.01"]
[SourceVersion "1"]
[SourceVersionDate "2005.05.01"]
[SourceQuality "1"]

1. e4 e5 2. Nf3 Nc6 3. Bc4 Bc5 4. c3 h6 5. d4 exd4 6. cxd4 Bb6 7. Nc3 d6 8. Qb3 Qe7 9. Be3 Na5 10. Qb4 Nxc4 11. Qxc4 Nf6 12. e5 dxe5 13. Nxe5 Bf5 14. 0-0 0-0 15. Rfe1 c6 16. Rac1 Rad8 17. Bf4 Be6 18. Qa4 Nd5 19. Nxd5 Rxd5 20. Nf3 Rfd8 21. Be3 Qf6 22. h3 Ra5 23. Qc2 Rxa2 24. Ne5 1/2-1/2

[Event "NRW-ch U16/18 Girls"]
[Site "Kranenburg"]
[Date "2005.03.31"]
[Round "5"]
[White "Kaplun, Viktoria"]
[Black "Broeker, Simone"]
[Result "1-0"]
[WhiteElo "1944"]
[BlackElo "1456"]
[PlyCount "61"]
[EventDate "2005.03.28"]
[EventType "swiss"]
[EventRounds "7"]
[EventCountry "GER"]
[SourceTitle "CBM 105 Extra"]
[Source "ChessBase"]
[SourceDate "2005.05.01"]
[SourceVersion "1"]
[SourceVersionDate "2005.05.01"]
[SourceQuality "1"]

1. d4 d5 2. c4 e6 3. Nc3 Nf6 4. cxd5 exd5 5. Bg5 Be7 6. e3 Be6 7. Bd3 Nbd7 8. Nge2 0-0 9. Qc2 Rc8 10. 0-0 c5 11. Nf4 cxd4 12. Nxe6 fxe6 13. exd4 Qe8 14. Rfe1 Bd6 15. Qe2 e5 16. Bxf6 Rxf6 17. Nxd5 Rh6 18. f4 Qd8 19. fxe5 Qh4 20. exd6 Qxh2+ 21. Kf2 Qh4+ 22. g3 Rf8+ 23. Ke3 Re6+ 24. Kd2 Rxe2+ 25. Rxe2 Qxd4 26. Ne7+ Kh8 27. Rh1 Qxb2+ 28. Ke3 Qe5+ 29. Kd2 Qg5+ 30. Kd1 Qf6 31. Rxh7# 1-0

[Event "NRW-ch U16/18 Girls"]
[Site "Kranenburg"]
[Date "2005.03.28"]
[Round "1"]
[White "Wirths, Clara"]
[Black "Broeker, Simone"]
[Result "1-0"]
[WhiteElo "1783"]
[BlackElo "1456"]
[PlyCount "119"]
[EventDate "2005.03.28"]
[EventType "swiss"]
[EventRounds "7"]
[EventCountry "GER"]
[SourceTitle "CBM 105 Extra"]
[Source "ChessBase"]
[SourceDate "2005.05.01"]
[SourceVersion "1"]
[SourceVersionDate "2005.05.01"]
[SourceQuality "1"]

1. e4 e5 2. Nf3 Nc6 3. Bc4 Bc5 4. c3 Nf6 5. d3 h6 6. a4 0-0 7. 0-0 Be7 8. Re1 d6 9. Nbd2 Bg4 10. h3 Bh5 11. Nf1 Nh7 12. Ng3 Bg6 13. d4 exd4 14. Nxd4 Nxd4 15. cxd4 Bf6 16. Qg4 Kh8 17. Be3 Qe7 18. f4 Bh4 19. f5 Bxg3 20. Qxg3 Bh5 21. e5 dxe5 22. dxe5 b6 23. Qf4 f6 24. Qh4 Qb4 25. b3 Be8 26. e6 Bc6 27. Qg3 Qe7 28. Rac1 Be8 29. Bb5 c5 30. Bxe8 Rfxe8 31. b4 Rac8 32. bxc5 bxc5 33. Red1 Red8 34. Rxd8+ Qxd8 35. Bxc5 Ng5 36. Qe3 a5 37. e7 Qe8 38. Re1 Nf7 39. Bb6 Ra8 40. Qe6 Ne5 41. Rd1 Nc6 42. Rd6 Nxe7 43. Rd7 Ng8 44. Qxe8 Rxe8 45. Bxa5 Ra8 46. Bb4 h5 47. a5 Nh6 48. Rd5 Kg8 49. Kf2 Nf7 50. Kg3 Kh7 51. Kh4 Kh6 52. Bd2+ Ng5 53. Rd6 Kh7 54. Bxg5 fxg5+ 55. Kxh5 Rxa5 56. Kxg5 Ra2 57. g4 Rh2 58. h4 Re2 59. Rd7 Kg8 60. Kg6 1-0